Classes to form thinking ability

Enregistré dans:
Détails bibliographiques
Format: Livre
Langue:Undetermined
Publié: Japan 小森公明 1965
Sujets:
Tags: Ajouter un tag
Pas de tags, Soyez le premier à ajouter un tag!
Thư viện lưu trữ: Trung tâm Học liệu Trường Đại học Cần Thơ
LEADER 00474nam a2200169Ia 4500
001 CTU_237125
008 210402s9999 xx 000 0 und d
082 |a 153.4 
082 |b C614 
245 0 |a Classes to form thinking ability 
260 |a Japan 
260 |b 小森公明 
260 |c 1965 
650 |a Tâm lý ứng dụng,Psychology, applied 
650 |z Nhật Bản,Japan 
910 |a Tuyến 
980 |a Trung tâm Học liệu Trường Đại học Cần Thơ